000 00318nam a22001457a 4500
008 230508b ||||| |||| 00| 0 eng d
020 _a9780077602765
041 _aeng
080 _a338GAR
082 _a338GAR
100 _a24
101 _aMENAXH
245 _aMANAGERIAL ACCOUNTING
_cGARRISON
942 _2udc
_cBK
999 _c59678
_d59678